000 00720nam a2200241 i 4500
001 3723361
005 20230320121818.0
008 810318s1980 enka 001 0 eng
010 _a 80148820
015 _aGB***
020 _a0710005334 :
_c£12.50
040 _aDLC
_cDLC
_dDLC
050 0 0 _aVK560
_b.A66
082 0 0 _a623.893
_219
_bAPP
100 1 _aAppleyard, S. F.
_9110634
245 1 0 _aMarine electronic navigation /
_cS.F. Appleyard.
260 _aLondon ;
_aBoston :
_bRoutledge & Kegan Paul,
_c1980.
300 _axv, 251 p. :
_bill. ;
_c25 cm.
500 _aIncludes index.
650 0 _aElectronics in navigation.
_9110635
906 _a7
_bcbc
_corignew
_d4
_encip
_f19
_gy-gencatlg
942 _2ddc
_cBK
999 _c593849
_d593849